| 000 | 00349cam a22001097a 4500 | ||
|---|---|---|---|
| 008 | 180718b1924 xxu||||| |||| 00| 0 eng d | ||
| 082 | _aC0x54073 In2ra | ||
| 100 | _aIndia. Reforms Enquiry Committee | ||
| 245 | _aReport of the Reforms Enquiry Committee, 1924 (written evidence), appendix no. 5 | ||
| 260 |
_aSimla _bThe author _c1924 |
||
| 300 | _a470+p. | ||
| 999 |
_c489231 _d489231 |
||